| 000 | 00000nam 2200000zi 4500 |
| 001 | 9.879252 |
| 003 | CaOODSP |
| 005 | 20250915080710 |
| 006 | m o d f |
| 007 | cr cn||||||||| |
| 008 | 190913s2019 onc ob f000 0 eng d |
| 040 | |aCaOODSP|beng|erda|cCaOODSP |
| 043 | |an-cn--- |
| 086 | 1 |aRv55-8/19-12-1-2019E-PDF |
| 245 | 00|aImportation of vehicles. |
| 250 | |a[August 14, 2019 edition]. |
| 264 | 1|aOttawa : |bCanada Border Services Agency = Agence des services frontaliers du Canada, |c2019. |
| 300 | |a1 online resource (28 pages). |
| 336 | |atext|btxt|2rdacontent |
| 337 | |acomputer|bc|2rdamedia |
| 338 | |aonline resource|bcr|2rdacarrier |
| 490 | 1 |aMemorandum, |x2369-2391 ; |vD19-12-1 |
| 500 | |aIssued also in French under title: Importation de véhicules. |
| 500 | |aCaption title. |
| 500 | |a"Ottawa, August 14, 2019." |
| 500 | |aSuperseded Memorandum D, D19-12-1 dated January 11, 2016." |
| 504 | |aIncludes bibliographical references. |
| 520 | |a"This memorandum outlines and explains the legislation, regulations and general guidelines that apply to the importation of vehicles"--In brief. |
| 692 | 07|2gccst|aImports |
| 692 | 07|2gccst|aVehicles |
| 710 | 2 |aCanada Border Services Agency. |
| 775 | 08|tImportation de véhicules.|w(CaOODSP)9.879253 |
| 794 | |tImportation of vehicles.|b[August 13, 2020 edition]|w(CaOODSP)9.901835 |
| 795 | |tImportation of vehicles.|b[September 19, 2018 edition]|w(CaOODSP)9.869278 |
| 830 | #0|aMemorandum (Canada Border Services Agency)|vD19-12-1.|w(CaOODSP)9.816825 |
| 856 | 40|qPDF|s824 KB|uhttps://publications.gc.ca/collections/collection_2019/asfc-cbsa/Rv55-8-19-12-1-2019-eng.pdf |